Statistics for People by Their Movie Biographies

Click here to take the quiz!

General Stats

  • This quiz has been taken 172 times
  • The average score is 7 of 10

Answer Stats

BiographyHintPerson% Correct
Bohemian RhapsodyMusicianFreddie Mercury
96%
The Social NetworkBillionaireMark Zuckerberg
83%
RayMusicianRay Charles
81%
Walk the LineMusicianJohnny Cash
79%
The Theory of EverythingPhysicianStephen Hawking
77%
Becoming JaneWriterJane Austen
68%
MilkGay Rights ActivistHarvey Milk
65%
The Imitation GameProgrammerAlan Turing
58%
A Beautiful MindMathematicianJohn Nash
34%
Catch Me If You CanCon manFrank W. Abagnale
20%

Score Distribution

Percentile by Number Answered

Percent of People with Each Score

Your Score History

You have not taken this quiz